| 000 | 01552cam a22004335i 4500 | ||
|---|---|---|---|
| 999 |
_c522551 _d522551 |
||
| 001 | 20358691 | ||
| 003 | NUST | ||
| 005 | 20181031045140.0 | ||
| 008 | 171107s2018 ii ab 000 0 eng d | ||
| 010 | _a 2017350818 | ||
| 020 | _a8170021219 | ||
| 020 | _a9788170021216 | ||
| 025 | _aI-E-2017350818 | ||
| 035 | _a(OCoLC)on1011351890 | ||
| 035 | _a(OCoLC)1011351890 | ||
| 037 | _bLibrary of Congress -- New Delhi Overseas Office | ||
| 038 | _aWASEEM | ||
| 040 |
_aLOA _beng _cLOA _dOCLCO _dDKAGE _dDLC _erda |
||
| 042 |
_alccopycat _alcode |
||
| 050 | 4 |
_aBL2018.367.P18 _bA43 2018 |
|
| 082 | 0 | 4 |
_a954.91 _bAMA |
| 100 | 0 |
_aAmardeep Singh, _d1966- _eauthor, _ephotographer. _912524 |
|
| 245 | 1 | 4 |
_aThe quest continues : _blost heritage : the Sikh legacy in Pakistan / _ctext and photographs, Amardeep Singh. |
| 264 | 1 |
_aNew Delhi : _bHimalayan Books, _c2018. |
|
| 300 |
_axiii, 481 pages : _bcolour illustrations, colour maps ; _c32 cm |
||
| 336 |
_atext _btxt _2rdacontent |
||
| 336 |
_astill image _bsti _2rdacontent |
||
| 337 |
_aunmediated _bn _2rdamedia |
||
| 338 |
_avolume _bnc _2rdacarrier |
||
| 600 | 0 | 0 |
_aAmardeep Singh, _d1966- _xTravel _zPakistan. _912525 |
| 650 | 0 |
_aSikh temples _zPakistan. _96450 |
|
| 650 | 0 |
_aSikh temples _zPakistan _vPictorial works. _96451 |
|
| 650 | 0 |
_aSikh shrines _zPakistan. _912526 |
|
| 650 | 0 |
_aSikh shrines _zPakistan _vPictorial works. _912527 |
|
| 650 | 0 |
_aSikhs _zPakistan _xHistory. _912528 |
|
| 906 |
_a7 _bpar _ccopycat _d3 _encip _f20 _gy-gencatlg |
||
| 942 |
_2ddc _cBK |
||